|
|
|
|
| LEADER |
00000nam a2200000 a 4500 |
| 001 |
vtls001334755 |
| 003 |
SK-MaSNL |
| 005 |
20260301235757.0 |
| 008 |
251113s1989 xr 0 cze |
| 020 |
|
|
|a 8070340290
|
| 035 |
|
|
|a SNK000287710
|
| 040 |
|
|
|a SNK
|b slo
|c SNK
|e AACR2
|
| 041 |
0 |
|
|a cze
|
| 044 |
|
|
|a CZ
|
| 080 |
|
|
|a 885.0-14
|2 1981
|
| 100 |
1 |
|
|a Sláma, Jan
|4 aut
|9 46844
|
| 245 |
1 |
0 |
|a Zpráva o činnosti
|c Jan Sláma ; il. Vlastimil Zábranský
|
| 260 |
|
|
|a Ostrava
|b Profil
|c 1989
|
| 300 |
|
|
|a 104 s.
|c 8°
|
| 490 |
1 |
|
|a Proud
|v sv. 30
|
| 830 |
|
0 |
|a Proud
|9 455896
|
| 919 |
|
|
|a 80-7034-029-0
|
| 958 |
|
|
|a RK
|
| 958 |
|
|
|a OND
|
| 999 |
|
|
|c 976580
|d 978510
|
| 952 |
|
|
|t P60, <04>, [BOOK], {604}
|a SNK
|b SNK
|y VYP
|7 0
|o snkID 90264
|i snkKIP 3701/90
|0 0
|1 0
|4 0
|d 1998-06-18
|l 0
|r 2005-01-02 00:00:00
|w 2026-02-24
|
| 952 |
|
|
|t P60, <04>, [BOOK], {604}
|a SNK
|b SNK
|y VYP
|7 0
|o snkID 90264 D1
|i snkKIP 3702/90
|0 0
|1 0
|4 0
|d 1998-06-18
|l 0
|r 2005-01-02 00:00:00
|w 2026-02-24
|